000 02924ncm0a2200457 4500
001 RU\NLR\ONIZ\308402
005 20260426081101.0
035 _a(NLR Aleph) 022791715
090 _a13698091
_c13698091
100 _a20260426 rusy50
101 0 _arus
102 _aRU
125 _aa|
128 _ali
145 0 _ac
200 1 _aПисьмо матери
_bНоты
_e"Ты жива еще моя старушка..."
_e[для голоса с фортепиано]
_fВ.Н. Липатов
_gтекст С. Есенина
_gиз репертуара Лины Масальской
203 _aМузыка
_bзнаковая
_bвизуальная
_cнепосредственная
205 _a2-е изд.
210 _aЛенинград
_aМосква
_cМодпик
_d[после 1925]
215 _a3 с.
_cфотопортр.
_d34 см
300 _aФотопортр. Л. Масальской: тит. л.
300 _aНа тит. л. уведомление: Все авторские права охраняются постановлением ЦИК и СНК СССР от 30 января 1925 г.
313 _aСистематизация документа проведена по изданию - Методика классифицирования музыкальных произведений (нотных изданий) по таблицам Библиотечно-библиографических классификаций : метод. рекомендации / Гос. б-ка СССР им. В.И. Ленина.- М., 1977. Индексу ББК методических рекомендаций присваивается код ББК для научных библиотек - LBC/SL
606 1 _aВокальная музыка советская
_z20-е - 30-е гг. 20 в.
_jНоты
_2nlr_sh
606 1 _aМузыкальные произведения для голоса с фортепиано
_yРоссия
_z19-20 вв.
_jНоты
_2nlr_sh
606 1 _aРомансы для голоса и фортепиано
_yСССР
_yГрузия
_z20 в.
_jНоты
_2nlr_sh
_7ca
686 0 _aЩ943.4-42-043.3(2)
700 1 _6z01790
_aЛипатов
_bВ.Н.
_cкомпозитор
_f1897-1965
_gВасилий Николаевич
_4230
_7ca
702 1 _6z03790
_aЕсенин
_bС.А.
_f1895-1925
_gСергей Александрович
_4520
702 1 _6z04790
_aМасальская
_bЛ.
_f? -1979
_gЛина
_4721
_7ca
790 1 _6z01700
_aLipatov
_bV. N.
_f1897-1965
_gVasilij Nikolaevič
_4230
_7ba
790 1 _6z03702
_aEsenin
_bS.A.
_f1895-1925
_gSergey Aleksandrovich
_4520
790 1 _6z04702
_aMasal`skaja
_bL.
_f? -1979
_gLina
_4721
_7ba
801 0 _aRU
_bNLR
_c20251023
_gPSBO
801 1 _aRU
_bNLR
_c20251023
_2rusmarc
801 2 _aRU
_bNLR
_c20251023
852 _aNLR
_jМ К-4/6695
_m274391
_t1
942 _cSCORE
980 _aONIZ
980 _aNB